000 01008nam a22001937a 4500
003 JO-AjAnu
005 20240708091223.0
008 240706b jo ||||| |||| 00| 0 ara d
040 _cJO-AjAn
041 _aARA
100 1 _aالنسور، جلال موسى
_966017
_eمعد
245 2 _aالعلاقة الترابطية بين مجلس الامن والمحكمة الجنائية الدولية = The interconnected relationship between the Security Council and international Criminal Court /
_cاعداد جلال موسى النسور ؛ إشراف زياد محمد الوحشات
260 _c2024
300 _a106 ورقة
500 _a رسالة جامعية (ماجستير) .- جامعة عجلون الوطنية (عجلون، الأردن)، كلية الحقوق ، تخصص القانون، 2024
650 7 0 _aالقانون الدولي الجنائي - مجلس الامن
_966018
700 1 _aالوحشات، زياد محمد
_964909
_eمشرف
942 _2lcc
_cTHS
_n0
999 _c33563
_d33563